[Event "33rd Pula Open 2019"]
[Site "Pula"]
[Date "2019.06.22"]
[Round "1.10"]
[White "Olenik Campa, Rudi"]
[Black "Franic, Milan"]
[Result "1-0"]
[WhiteElo "1854"]
[BlackElo "2379"]
[Annotator "ChessBase"]
[PlyCount "117"]
[EventDate "2019.06.22"]
[EventType "swiss"]
[EventCountry "CRO"]
[SourceTitle "playchess.com"]
[Source "ChessBase"]
[SourceQuality "1"]
[TimeControl "5400+30"]

1. e4 {[%emt 0:00:30]} c5 {[%emt 0:00:30]} 2. Nf3 {[%emt 0:00:00]} a6 {[%emt 0:00:00]} 3. c4 {[%emt 0:00:00]} d6 {[%emt 0:00:00]} 4. d4 {[%emt 0:00:00]} cxd4 {[%emt 0:00:00]} 5. Nxd4 {[%emt 0:00:00]} Nf6 {[%emt 0:00:00]} 6. Nc3 {[%emt 0:00:30]} e6 {[%emt 0:00:30]} 7. f3 {[%emt 0:00:00]} Nbd7 {[%emt 0:01:30]} 8. Be3 {[%emt 0:00:00]} Qc7 {[%emt 0:00:00]} 9. Be2 {[%emt 0:00:30]} Ne5 {[%emt 0:00:00]} 10. Rc1 {[%emt 0:00:30]} Be7 {[%emt 0:00:30]} 11. O-O {[%emt 0:00:00]} O-O {[%emt 0:00:30]} 12. Qd2 {[%emt 0:00:00]} b6 {[%emt 0:00:30]} 13. Rfd1 {[%emt 0:00:30]} Bb7 {[%emt 0:00:00]} 14. Bf1 {[%emt 0:00:30]} Rac8 {[%emt 0:00:00]} 15. Qf2 {[%emt 0:01:30]} Nfd7 {[%emt 0:00:30]} 16. b3 {[%emt 0:04:30]} Rfe8 {[%emt 0:00:30]} 17. Na4 {[%emt 0:05:30]} Nc5 {[%emt 0:00:00]} 18. Nxc5 {[%emt 0:01:30]} bxc5 {[%emt 0:00:00]} 19. Ne2 {[%emt 0:00:30]} Bf6 {[%emt 0:00:30]} 20. Nc3 {[%emt 0:00:30]} Nc6 {[%emt 0:00:00]} 21. Bd3 {[%emt 0:02:30]} Qa5 {[%emt 0:05:00]} 22. Qd2 {[%emt 0:02:30]} Be5 {[%emt 0:02:30]} 23. Ne2 {[%emt 0:03:30]} Qc7 {[%emt 0:00:00]} 24. Bb1 {[%emt 0:05:30]} Rcd8 {[%emt 0:02:00]} 25. a3 {[%emt 0:02:30]} a5 {[%emt 0:08:30]} 26. Qc2 {[%emt 0:00:30]} g6 {[%emt 0:01:30]} 27. Kh1 {[%emt 0:00:30]} Rb8 {[%emt 0:02:30]} 28. Qd2 {[%emt 0:06:30]} Red8 {[%emt 0:07:30]} 29. Qe1 {[%emt 0:02:30]} Qe7 {[%emt 0:06:30]} 30. Rd2 {[%emt 0:01:30]} Ba8 {[%emt 0:00:30]} 31. Ba2 {[%emt 0:01:30]} Qf6 {[%emt 0:04:30]} 32. Rcd1 {[%emt 0:01:30]} g5 {[%emt 0:00:30]} 33. Qf2 {[%emt 0:03:30]} Kh8 {[%emt 0:03:30]} 34. Nc1 {[%emt 0:06:30]} Bd4 {[%emt 0:06:30]} 35. Ne2 {[%emt 0:01:30]} e5 {[%emt 0:00:30]} 36. Ng3 {[%emt 0:00:30]} Bb7 {[%emt 0:00:30]} 37. Nf5 {[%emt 0:01:30]} Bc8 {[%emt 0:00:00]} 38. g4 {[%emt 0:02:30]} Bxf5 {[%emt 0:10:00]} 39. gxf5 {[%emt 0:00:30]} Rg8 {[%emt 0:00:30]} 40. Rg1 {[%emt 0:00:00]} Qh6 {[%emt 0:00:30]} 41. Rg4 {[%emt 0:01:00]} Qh3 {[%emt 0:04:30]} 42. Rg3 {[%emt 0:01:30]} Qh4 {[%emt 0:04:30]} 43. Rxg5 {[%emt 0:05:30]} Rxg5 {[%emt 0:09:30]} 44. Qxh4 {[%emt 0:02:30]} Bxe3 {[%emt 0:00:00]} 45. Rg2 {[%emt 0:00:00]} Rxg2 {[%emt 0:00:00]} 46. Kxg2 {[%emt 0:00:00]} Rg8+ {[%emt 0:00:00]} 47. Kf1 {[%emt 0:02:30]} Rg1+ {[%emt 0:00:00]} 48. Ke2 {[%emt 0:00:30]} Bg5 {[%emt 0:00:00]} 49. Qh5 {[%emt 0:01:30]} h6 {[%emt 0:07:00]} 50. Qxf7 {[%emt 0:00:30]} Nd4+ {[%emt 0:02:27]} 51. Kf2 {[%emt 0:00:30]} Ra1 {[%emt 0:00:03]} 52. f6 {[%emt 0:04:30]} Rxa2+ {[%emt 0:00:39]} 53. Kf1 {[%emt 0:00:30]} Bxf6 {[%emt 0:00:37]} 54. Qxf6+ {[%emt 0:00:30]} Kh7 {[%emt 0:00:03]} 55. Qxd6 {[%emt 0:00:00]} Nxf3 {[%emt 0:00:15]} 56. Qe7+ {[%emt 0:00:00]} Kg6 {[%emt 0:00:30]} 57. Qe6+ {[%emt 0:00:30]} Kg7 {[%emt 0:00:04]} 58. Qg4+ {[%emt 0:00:30]} Ng5 {[%emt 0:00:04]} 59. h4 {[%emt 0:00:30]} 1-0

[Event "33rd Pula Open 2019"]
[Site "Pula"]
[Date "2019.06.22"]
[Round "1.11"]
[White "Biti, Ozren"]
[Black "Purini, Bruno"]
[Result "1-0"]
[WhiteElo "2374"]
[BlackElo "1853"]
[Annotator "ChessBase"]
[PlyCount "33"]
[EventDate "2019.06.22"]
[EventType "swiss"]
[EventCountry "CRO"]
[SourceTitle "playchess.com"]
[Source "ChessBase"]
[SourceQuality "1"]
[TimeControl "5400+30"]

1. e4 {[%emt 0:03:30]} e5 {[%emt 0:00:30]} 2. Nf3 {[%emt 0:00:00]} Nc6 {[%emt 0:00:00]} 3. Bc4 {[%emt 0:00:00]} Bc5 {[%emt 0:00:00]} 4. O-O {[%emt 0:00:30]} Nf6 {[%emt 0:00:30]} 5. d3 {[%emt 0:00:30]} h6 {[%emt 0:00:30]} 6. a4 {[%emt 0:01:30]} a5 {[%emt 0:00:30]} 7. c3 {[%emt 0:01:30]} d6 {[%emt 0:00:30]} 8. Nbd2 {[%emt 0:02:30]} O-O {[%emt 0:01:30]} 9. h3 {[%emt 0:04:30]} Ne7 {[%emt 0:06:30]} 10. d4 {[%emt 0:12:30]} exd4 {[%emt 0:00:30]} 11. cxd4 {[%emt 0:00:30]} Bb6 {[%emt 0:00:30]} 12. Bd3 {[%emt 0:02:30]} c6 {[%emt 0:07:30]} 13. Re1 {[%emt 0:09:30]} Re8 {[%emt 0:01:30]} 14. Nf1 {[%emt 0:03:30]} Ng6 {[%emt 0:05:30]} 15. Ng3 {[%emt 0:00:30]} Be6 {[%emt 0:03:30]} 16. Be3 {[%emt 0:04:30]} Qd7 {[%emt 0:08:30]} 17. d5 {[%emt 0:07:30]} 1-0

[Event "33rd Pula Open 2019"]
[Site "Pula"]
[Date "2019.06.22"]
[Round "1.12"]
[White "Bittner, Peter"]
[Black "Filipovic, Branko"]
[Result "0-1"]
[WhiteElo "1849"]
[BlackElo "2371"]
[Annotator "ChessBase"]
[PlyCount "182"]
[EventDate "2019.06.22"]
[EventType "swiss"]
[EventCountry "CRO"]
[SourceTitle "playchess.com"]
[Source "ChessBase"]
[SourceQuality "1"]
[TimeControl "5400+30"]

1. d4 {[%emt 0:00:30]} Nf6 {[%emt 0:00:30]} 2. Bf4 {[%emt 0:00:00]} b6 {[%emt 0:01:30]} 3. Nf3 {[%emt 0:00:00]} Bb7 {[%emt 0:00:00]} 4. e3 {[%emt 0:00:00]} g6 {[%emt 0:01:00]} 5. Nbd2 {[%emt 0:00:00]} Bg7 {[%emt 0:00:30]} 6. Be2 {[%emt 0:00:30]} d6 {[%emt 0:00:30]} 7. c3 {[%emt 0:00:30]} O-O {[%emt 0:00:00]} 8. O-O {[%emt 0:00:30]} Nbd7 {[%emt 0:00:00]} 9. h3 {[%emt 0:00:30]} e6 {[%emt 0:00:30]} 10. Rc1 {[%emt 0:01:30]} Qe7 {[%emt 0:00:30]} 11. Re1 {[%emt 0:03:30]} e5 {[%emt 0:00:30]} 12. dxe5 {[%emt 0:01:30]} dxe5 {[%emt 0:00:30]} 13. Bh2 {[%emt 0:00:30]} Rfd8 {[%emt 0:06:30]} 14. Qc2 {[%emt 0:00:30]} e4 {[%emt 0:00:30]} 15. Nd4 {[%emt 0:02:30]} Ne5 {[%emt 0:06:30]} 16. Rcd1 {[%emt 0:11:30]} Nd3 {[%emt 0:03:30]} 17. Rf1 {[%emt 0:00:30]} c5 {[%emt 0:01:30]} 18. N4b3 {[%emt 0:04:30]} Rac8 {[%emt 0:02:30]} 19. c4 {[%emt 0:05:30]} Ne8 {[%emt 0:02:30]} 20. Rb1 {[%emt 0:04:30]} Nb4 {[%emt 0:08:30]} 21. Qd1 {[%emt 0:02:30]} Nxa2 {[%emt 0:00:30]} 22. Ra1 {[%emt 0:00:30]} Nb4 {[%emt 0:00:00]} 23. Rxa7 {[%emt 0:00:30]} Bxb2 {[%emt 0:05:00]} 24. Qb1 {[%emt 0:07:30]} Bg7 {[%emt 0:00:30]} 25. Rd1 {[%emt 0:05:30]} f5 {[%emt 0:01:30]} 26. Bf4 {[%emt 0:06:30]} Ra8 {[%emt 0:04:30]} 27. Rxa8 {[%emt 0:02:30]} Rxa8 {[%emt 0:01:30]} 28. Nf1 {[%emt 0:03:30]} Bc6 {[%emt 0:04:30]} 29. g4 {[%emt 0:09:30]} Na2 {[%emt 0:03:30]} 30. Rd2 {[%emt 0:01:30]} Nc3 {[%emt 0:00:30]} 31. Qc1 {[%emt 0:04:30]} g5 {[%emt 0:10:30]} 32. Bg3 {[%emt 0:00:30]} Nxe2+ {[%emt 0:00:30]} 33. Rxe2 {[%emt 0:00:30]} fxg4 {[%emt 0:00:30]} 34. hxg4 {[%emt 0:01:30]} Qe6 {[%emt 0:00:30]} 35. Nh2 {[%emt 0:01:30]} Ra4 {[%emt 0:01:30]} 36. Rc2 {[%emt 0:00:50]} Nf6 {[%emt 0:04:30]} 37. Qd1 {[%emt 0:03:14]} Rxc4 {[%emt 0:01:30]} 38. Qd8+ {[%emt 0:01:12]} Ne8 {[%emt 0:01:30]} 39. Rxc4 {[%emt 0:00:39]} Qxc4 {[%emt 0:00:00]} 40. Qxb6 {[%emt 0:00:29]} Qd5 {[%emt 0:04:00]} 41. Nxc5 {[%emt 0:01:22]} Bf8 {[%emt 0:00:30]} 42. Na6 {[%emt 0:00:26]} Bd7 {[%emt 0:02:30]} 43. Qd4 {[%emt 0:01:10]} Qxd4 {[%emt 0:09:30]} 44. exd4 {[%emt 0:00:06]} Nf6 {[%emt 0:00:11]} 45. Nc5 {[%emt 0:00:43]} Bxc5 {[%emt 0:00:27]} 46. dxc5 {[%emt 0:00:05]} Nxg4 {[%emt 0:00:06]} 47. c6 {[%emt 0:00:26]} Bc8 {[%emt 0:00:05]} 48. Nxg4 {[%emt 0:00:21]} Bxg4 {[%emt 0:00:02]} 49. c7 {[%emt 0:00:12]} Kf7 {[%emt 0:01:40]} 50. f4 {[%emt 0:01:25]} exf3 {[%emt 0:00:55]} 51. Kf2 {[%emt 0:00:05]} Kf6 {[%emt 0:00:43]} 52. c8=Q {[%emt 0:00:06]} Bxc8 {[%emt 0:00:03]} 53. Kxf3 {[%emt 0:00:04]} Kf5 {[%emt 0:00:06]} 54. Bc7 {[%emt 0:01:25]} h5 {[%emt 0:00:58]} 55. Kg2 {[%emt 0:00:10]} Kg4 {[%emt 0:00:48]} 56. Kh2 {[%emt 0:00:18]} Bb7 {[%emt 0:01:12]} 57. Bb8 {[%emt 0:00:07]} h4 {[%emt 0:00:23]} 58. Bc7 {[%emt 0:00:12]} Kh5 {[%emt 0:00:49]} 59. Bd6 {[%emt 0:00:35]} Kg4 {[%emt 0:01:03]} 60. Bc7 {[%emt 0:00:15]} Kf3 {[%emt 0:00:19]} 61. Bd8 {[%emt 0:00:27]} Kf4 {[%emt 0:00:15]} 62. Be7 {[%emt 0:00:11]} Kf5 {[%emt 0:00:07]} 63. Bd8 {[%emt 0:00:20]} Kg6 {[%emt 0:00:07]} 64. Be7 {[%emt 0:00:18]} Kh5 {[%emt 0:00:07]} 65. Bd6 {[%emt 0:00:27]} g4 {[%emt 0:01:35]} 66. Bf4 {[%emt 0:00:16]} Kg6 {[%emt 0:00:17]} 67. Bc7 {[%emt 0:00:19]} Bc8 {[%emt 0:01:19]} 68. Bb8 {[%emt 0:00:06]} Kf5 {[%emt 0:00:56]} 69. Bc7 {[%emt 0:00:11]} Kg6 {[%emt 0:07:01]} 70. Bb8 {[%emt 0:00:10]} Ba6 {[%emt 0:00:07]} 71. Bc7 {[%emt 0:00:10]} Bf1 {[%emt 0:00:18]} 72. Bd8 {[%emt 0:00:42]} Kh5 {[%emt 0:01:31]} 73. Bc7 {[%emt 0:00:07]} Bd3 {[%emt 0:00:10]} 74. Bb8 {[%emt 0:00:09]} Be4 {[%emt 0:00:37]} 75. Bf4 {[%emt 0:00:23]} Ba8 {[%emt 0:01:28]} 76. Bb8 {[%emt 0:00:20]} Bc6 {[%emt 0:00:02]} 77. Bc7 {[%emt 0:00:27]} Kg6 {[%emt 0:00:10]} 78. Bd8 {[%emt 0:00:30]} Kh5 {[%emt 0:00:24]} 79. Bc7 {[%emt 0:00:00]} Bd5 {[%emt 0:00:03]} 80. Bb8 {[%emt 0:00:00]} Kg5 {[%emt 0:00:15]} 81. Bc7 {[%emt 0:00:30]} Bf3 {[%emt 0:00:44]} 82. Bd8+ {[%emt 0:00:00]} Kh5 {[%emt 0:00:01]} 83. Bc7 {[%emt 0:00:00]} Be2 {[%emt 0:00:42]} 84. Bf4 {[%emt 0:00:30]} Bf1 {[%emt 0:01:33]} 85. Bc7 {[%emt 0:00:30]} Kg6 {[%emt 0:00:21]} 86. Bd8 {[%emt 0:00:00]} Kh5 {[%emt 0:00:47]} 87. Bc7 {[%emt 0:00:00]} Bc4 {[%emt 0:00:30]} 88. Bf4 {[%emt 0:00:30]} Be6 {[%emt 0:00:42]} 89. Bc7 {[%emt 0:00:00]} Kg6 {[%emt 0:00:07]} 90. Bd8 {[%emt 0:00:00]} g3+ {[%emt 0:00:09]} 91. Kg1 {[%emt 0:00:00]} h3 {[%emt 0:00:37]} 0-1

[Event "33rd Pula Open 2019"]
[Site "Pula"]
[Date "2019.06.22"]
[Round "1.13"]
[White "Boric, Muhamed"]
[Black "Siraj, Anej"]
[Result "1-0"]
[WhiteElo "2361"]
[BlackElo "1848"]
[Annotator "ChessBase"]
[PlyCount "67"]
[EventDate "2019.06.22"]
[EventType "swiss"]
[EventCountry "CRO"]
[SourceTitle "playchess.com"]
[Source "ChessBase"]
[SourceQuality "1"]
[TimeControl "5400+30"]

1. d4 {[%emt 0:01:30]} d6 {[%emt 0:01:30]} 2. e4 {[%emt 0:01:30]} e6 {[%emt 0:00:00]} 3. Nc3 {[%emt 0:05:30]} g6 {[%emt 0:02:00]} 4. Nf3 {[%emt 0:02:30]} h6 {[%emt 0:00:30]} 5. Be3 {[%emt 0:01:30]} Ne7 {[%emt 0:01:30]} 6. Qd2 {[%emt 0:04:30]} b6 {[%emt 0:01:30]} 7. a4 {[%emt 0:03:30]} a6 {[%emt 0:00:30]} 8. Bc4 {[%emt 0:01:30]} Bb7 {[%emt 0:00:30]} 9. d5 {[%emt 0:06:30]} e5 {[%emt 0:00:30]} 10. Ng1 {[%emt 0:00:30]} f5 {[%emt 0:09:30]} 11. f4 {[%emt 0:00:30]} Bg7 {[%emt 0:00:30]} 12. fxe5 {[%emt 0:00:30]} dxe5 {[%emt 0:00:30]} 13. Nf3 {[%emt 0:00:30]} f4 {[%emt 0:02:30]} 14. Bf2 {[%emt 0:00:30]} Nc8 {[%emt 0:00:30]} 15. g3 {[%emt 0:01:30]} Nd6 {[%emt 0:03:30]} 16. Be2 {[%emt 0:01:30]} g5 {[%emt 0:05:30]} 17. gxf4 {[%emt 0:00:30]} gxf4 {[%emt 0:01:30]} 18. Rg1 {[%emt 0:01:30]} Qf6 {[%emt 0:03:30]} 19. Nh4 {[%emt 0:00:30]} Qf7 {[%emt 0:12:30]} 20. Ng6 {[%emt 0:02:30]} Rg8 {[%emt 0:00:30]} 21. Bh5 {[%emt 0:00:30]} Kd8 {[%emt 0:00:30]} 22. Qe2 {[%emt 0:00:00]} Bf6 {[%emt 0:02:30]} 23. O-O-O {[%emt 0:01:00]} f3 {[%emt 0:05:30]} 24. Qe3 {[%emt 0:02:30]} Rg7 {[%emt 0:07:30]} 25. Kb1 {[%emt 0:02:30]} Bg5 {[%emt 0:11:30]} 26. Rxg5 {[%emt 0:00:30]} Nc4 {[%emt 0:01:30]} 27. Nxe5 {[%emt 0:04:30]} Qf8 {[%emt 0:06:06]} 28. Nxc4 {[%emt 0:10:30]} hxg5 {[%emt 0:00:15]} 29. d6 {[%emt 0:00:30]} Nd7 {[%emt 0:02:46]} 30. dxc7+ {[%emt 0:00:30]} Kxc7 {[%emt 0:00:05]} 31. Nxb6 {[%emt 0:01:30]} Ne5 {[%emt 0:02:02]} 32. Nxa8+ {[%emt 0:00:30]} Bxa8 {[%emt 0:00:08]} 33. Qb6+ {[%emt 0:02:30]} Kc8 {[%emt 0:00:16]} 34. Qe6+ {[%emt 0:00:30]} 1-0

[Event "33rd Pula Open 2019"]
[Site "Pula"]
[Date "2019.06.22"]
[Round "1.14"]
[White "Mihelic, Vesna"]
[Black "Jelen, Igor"]
[Result "0-1"]
[WhiteElo "1844"]
[BlackElo "2353"]
[Annotator "ChessBase"]
[PlyCount "90"]
[EventDate "2019.06.22"]
[EventType "swiss"]
[EventCountry "CRO"]
[SourceTitle "playchess.com"]
[Source "ChessBase"]
[SourceQuality "1"]
[TimeControl "5400+30"]

1. e4 {[%emt 0:00:30]} c5 {[%emt 0:00:30]} 2. Nf3 {[%emt 0:00:00]} Nc6 {[%emt 0:00:30]} 3. Nc3 {[%emt 0:00:00]} e5 {[%emt 0:04:30]} 4. Bc4 {[%emt 0:00:30]} Be7 {[%emt 0:00:30]} 5. d3 {[%emt 0:01:30]} Nf6 {[%emt 0:01:30]} 6. Nd2 {[%emt 0:01:30]} d6 {[%emt 0:00:30]} 7. Nf1 {[%emt 0:00:30]} Bg4 {[%emt 0:00:30]} 8. f3 {[%emt 0:07:30]} Be6 {[%emt 0:01:30]} 9. Ne3 {[%emt 0:00:30]} Nd7 {[%emt 0:04:30]} 10. O-O {[%emt 0:03:30]} O-O {[%emt 0:05:30]} 11. Ncd5 {[%emt 0:04:30]} Bg5 {[%emt 0:01:30]} 12. c3 {[%emt 0:01:30]} Na5 {[%emt 0:18:30]} 13. f4 {[%emt 0:17:30]} exf4 {[%emt 0:02:30]} 14. Nxf4 {[%emt 0:00:30]} Nxc4 {[%emt 0:15:30]} 15. Nxc4 {[%emt 0:01:30]} Bxc4 {[%emt 0:08:30]} 16. dxc4 {[%emt 0:00:30]} Ne5 {[%emt 0:06:30]} 17. b3 {[%emt 0:02:30]} Bxf4 {[%emt 0:01:30]} 18. Bxf4 {[%emt 0:00:30]} Qe7 {[%emt 0:00:30]} 19. Qd5 {[%emt 0:02:30]} Rad8 {[%emt 0:01:30]} 20. Rad1 {[%emt 0:01:30]} Kh8 {[%emt 0:05:17]} 21. b4 {[%emt 0:04:30]} cxb4 {[%emt 0:03:58]} 22. cxb4 {[%emt 0:00:30]} f6 {[%emt 0:00:19]} 23. Rd2 {[%emt 0:17:30]} Qc7 {[%emt 0:01:14]} 24. Rc1 {[%emt 0:01:30]} Qb6+ {[%emt 0:02:02]} 25. Qd4 {[%emt 0:09:30]} Qxb4 {[%emt 0:00:28]} 26. Rb2 {[%emt 0:00:30]} Qa3 {[%emt 0:01:50]} 27. Rxb7 {[%emt 0:00:30]} Nd3 {[%emt 0:01:07]} 28. Rf1 {[%emt 0:04:09]} Nxf4 {[%emt 0:05:22]} 29. Rxf4 {[%emt 0:00:07]} a5 {[%emt 0:00:25]} 30. Rf2 {[%emt 0:04:34]} Rc8 {[%emt 0:00:44]} 31. Rc2 {[%emt 0:02:11]} Rfe8 {[%emt 0:01:13]} 32. Rcb2 {[%emt 0:03:46]} h6 {[%emt 0:01:09]} 33. R7b5 {[%emt 0:02:22]} Kh7 {[%emt 0:01:43]} 34. h3 {[%emt 0:02:17]} Qa4 {[%emt 0:00:40]} 35. Qxd6 {[%emt 0:01:28]} Rxc4 {[%emt 0:00:45]} 36. Qd7 {[%emt 0:01:16]} Rc1+ {[%emt 0:00:44]} 37. Kh2 {[%emt 0:00:08]} Qxe4 {[%emt 0:00:10]} 38. Rf2 {[%emt 0:02:05]} Re7 {[%emt 0:01:00]} 39. Qd2 {[%emt 0:00:20]} Rc4 {[%emt 0:02:17]} 40. Rxa5 {[%emt 0:00:39]} Rd4 {[%emt 0:00:21]} 41. Qc2 {[%emt 0:00:41]} Rd3 {[%emt 0:00:11]} 42. Raf5 {[%emt 0:00:22]} Red7 {[%emt 0:00:51]} 43. R5f3 {[%emt 0:00:37]} Qg6 {[%emt 0:00:39]} 44. Rxd3 {[%emt 0:00:37]} Rxd3 {[%emt 0:00:25]} 45. Rd2 {[%emt 0:00:37]} Qg3+ {[%emt 0:00:13]} 0-1

[Event "33rd Pula Open 2019"]
[Site "Pula"]
[Date "2019.06.22"]
[Round "1.15"]
[White "Medak, Bojan"]
[Black "Kocevar, Tugomir"]
[Result "1-0"]
[WhiteElo "2342"]
[BlackElo "1841"]
[Annotator "ChessBase"]
[PlyCount "39"]
[EventDate "2019.06.22"]
[EventType "swiss"]
[EventCountry "CRO"]
[SourceTitle "playchess.com"]
[Source "ChessBase"]
[SourceQuality "1"]
[TimeControl "5400+30"]

1. c4 {[%emt 0:03:30]} Nf6 {[%emt 0:01:30]} 2. Nc3 {[%emt 0:00:30]} e5 {[%emt 0:00:30]} 3. Nf3 {[%emt 0:00:30]} Nc6 {[%emt 0:00:30]} 4. g3 {[%emt 0:00:30]} h6 {[%emt 0:04:30]} 5. Bg2 {[%emt 0:00:30]} d5 {[%emt 0:01:30]} 6. cxd5 {[%emt 0:00:30]} Nxd5 {[%emt 0:00:00]} 7. Nxe5 {[%emt 0:01:30]} Nxc3 {[%emt 0:01:00]} 8. Nxc6 {[%emt 0:00:30]} Nxd1 {[%emt 0:00:30]} 9. Nxd8 {[%emt 0:00:00]} Nxf2 {[%emt 0:01:30]} 10. Nxf7 {[%emt 0:00:00]} Nd3+ {[%emt 0:08:30]} 11. exd3 {[%emt 0:00:30]} Kxf7 {[%emt 0:00:30]} 12. O-O+ {[%emt 0:00:30]} Ke8 {[%emt 0:01:30]} 13. d4 {[%emt 0:01:30]} Bd6 {[%emt 0:00:30]} 14. d3 {[%emt 0:00:30]} Rb8 {[%emt 0:01:30]} 15. Bf4 {[%emt 0:00:30]} Rf8 {[%emt 0:02:30]} 16. Rae1+ {[%emt 0:03:30]} Kd8 {[%emt 0:06:30]} 17. Bxd6 {[%emt 0:01:30]} Rxf1+ {[%emt 0:00:30]} 18. Rxf1 {[%emt 0:00:30]} cxd6 {[%emt 0:00:30]} 19. Rf8+ {[%emt 0:00:30]} Ke7 {[%emt 0:03:30]} 20. Rg8 {[%emt 0:04:30]} 1-0

[Event "33rd Pula Open 2019"]
[Site "Pula"]
[Date "2019.06.23"]
[Round "2.1"]
[White "Roorda, Thijs"]
[Black "Saric, Ante"]
[Result "0-1"]
[WhiteElo "2111"]
[BlackElo "2542"]
[Annotator "TA"]
[PlyCount "50"]
[EventDate "2019.06.22"]
[EventType "swiss"]
[EventCountry "CRO"]
[SourceTitle "playchess.com"]
[Source "ChessBase"]
[SourceQuality "1"]

{[%evp 10,54,39,17,31,0,0,-2,0,0,-8,0,0,0,0,-1,0,-6,-13,-12,-19,-38,-28,-24,0,0,0,-5,0,-7,0,-26,-26,-153,-152,-124,-156,-141,-141,-180,-186,-187,-170,-197,-197,-504,-516]} 1. d4 Nf6 2. Nf3 d5 3. g3 c6 4. Bg2 g6 5. O-O Bg7 6. c4 dxc4 {D73: Fianchetto Grünfeld: 5 Nf3} (6... O-O 7. Qb3 a5 8. cxd5 a4 9. Qd1 cxd5 10. Nc3 Ne4 11. Nxa4 Qa5 12. Nc3 Nxc3 13. bxc3 Qxc3 14. Bd2 Qa3 15. Qb3 Nc6 {0-1 (54) Cheparinov,I (2709)-Artemiev,V (2709) Skopje 2018}) 7. a4 Ne4 8. Na3 c3 {The position is equal.} 9. bxc3 Nxc3 10. Qc2 Nd5 $1 11. Rd1 $146 ({Predecessor:} 11. e4 Nb4 12. Qc4 a5 13. Bb2 O-O 14. Qe2 {0-1 (21) Louie,J (1895)-Smirnov,A (2519) Brisbane 2017}) 11... O-O 12. Nc4 Nb4 13. Qb1 a5 14. e4 Bg4 15. Be3 Nd7 $36 {[%mdl 2048] Black is pushing.} 16. Ra3 b6 17. h3 Bxf3 18. Bxf3 Qc7 19. e5 Rad8 20. Qe4 c5 {...cxd4 is the strong threat.} 21. Rc1 (21. Rc3 $11 {keeps the balance.}) 21... cxd4 $17 22. Bxd4 Nc5 23. Bxc5 Qxc5 24. Qe3 Qxe3 25. fxe3 Rc8 {Played: Nb4-d3} 0-1

[Event "33rd Pula Open 2019"]
[Site "Pula"]
[Date "2019.06.23"]
[Round "2.2"]
[White "Zelcic, Robert"]
[Black "Braggaar, Leonore"]
[Result "1-0"]
[WhiteElo "2518"]
[BlackElo "2103"]
[Annotator "TA"]
[PlyCount "75"]
[EventDate "2019.06.22"]
[EventType "swiss"]
[EventCountry "CRO"]
[SourceTitle "playchess.com"]
[Source "ChessBase"]
[SourceQuality "1"]

{[%evp 9,75,3,-5,-42,-12,-68,-79,-125,-118,-131,-141,-179,-99,-89,-90,-112,-90,-93,-91,-102,-99,-104,-94,-128,-26,-90,-31,-70,0,-70,-50,-69,-66,-47,-52,-63,-42,-66,58,2,61,66,185,0,0,0,0,0,0,0,0,-18,30,22,36,33,149,147,146,111,800,799,29999,493,1025,987,811,789]} 1. d4 d5 2. Nc3 Nf6 3. Bg5 Nbd7 4. Nf3 c6 5. Qd3 g6 6. h4 {D01: Veresov Opening} Bg7 7. h5 $146 (7. e4 $11) ({Predecessor:} 7. Nd2 h6 8. Bf4 e5 9. dxe5 Nh5 10. e3 Nxe5 11. Bxe5 Bxe5 12. Nf3 Bg7 13. O-O-O O-O 14. Qd2 b5 15. Nd4 Bd7 16. g4 Bxg4 17. Nxc6 Qf6 18. Bxb5 Bxd1 19. Rxd1 Rac8 {½-½ (19) Mamedyarov,S (2596)-Ghaem Maghami,E (2500) Baku 2003}) 7... Nxh5 $15 8. g4 {Black is better.} Nhf6 9. Bh3 Nf8 10. Ne5 Ne6 (10... h5 $19 {[%cal Rh5g4]} 11. gxh5 Rxh5) 11. Be3 $17 Nd7 12. f4 Nxe5 13. fxe5 f6 14. exf6 exf6 15. Bg2 Nf8 16. Bf3 Be6 (16... f5 $1 $17 {[%cal Rf5g4]} 17. Rg1 fxg4 18. Bxg4 Bxg4 19. Rxg4 Qd7) 17. Bf4 (17. Bf2 $11 {keeps the balance.}) 17... g5 (17... Qd7 $17 18. e4 Bxg4 19. exd5 Bxf3 20. Qxf3 cxd5) 18. Bh2 {[#]} Ng6 (18... h5 $1 $15 {[%mdl 512]} 19. gxh5 f5) 19. Bg3 (19. O-O-O $11) 19... O-O $15 20. O-O-O $1 f5 21. gxf5 Bxf5 22. e4 dxe4 $1 23. Nxe4 g4 (23... Qe7 $15 24. Bd6 Qxd6 25. Nxd6 Bxd3 26. Rxd3 Nf4) 24. Bg2 (24. Qb3+ $14 Kh8 25. Bg2) 24... Qd7 ({Black should try} 24... Qe8 $1 $11) 25. Qb3+ $1 $14 Be6 {[#]} (25... Kh8 $1 $14) 26. Nc5 $2 (26. d5 $1 $18 {[%cal Rd5e6]} Bf7 27. Nd6) 26... Bxb3 $11 27. Nxd7 Rf7 ({Stronger than} 27... Bxa2 28. Nxf8 Bxf8 29. b3 $18) 28. axb3 {Strongly threatening Ne5.} Rxd7 29. c3 Bf6 30. Be4 Rg7 31. Rdf1 Bg5+ 32. Kb1 Ne7 (32... Re8 $14 33. Bf5 Re3) 33. Be5 $36 {[%mdl 2048] White is on the roll.} Rf7 34. Rfg1 Ng6 $2 {[%mdl 8192]} (34... h6 $16 35. Rxg4 Kf8) 35. Bxg6 $18 hxg6 36. Rxg4 (36. Rh8# $142) 36... Bf6 (36... Rh7 $142) 37. Rxg6+ {[%mdl 64] Double Attack} Bg7 38. Rhg1 {Accuracy: White = 38%, Black = 30%.} 1-0